Wolrd Literature

Gorde:
Xehetasun bibliografikoak
Formatua: Liburua
Etiketak: Etiketa erantsi
Etiketarik gabe, Izan zaitez lehena erregistro honi etiketa jartzen!
Thư viện lưu trữ: Mạng thư viện Đại học Đà Nẵng
LEADER 00403nam a22001691a 4500
001 000040450
003 16745
005 20160412023219.0
008 160412s0 000
082 |a A23104-06 
245 |a Wolrd Literature  |c Mc.Graw- Hill 
OWN |a LNN 
999 |a From the UDN01 
TYP |a Monograph 
980 |a Mạng thư viện Đại học Đà Nẵng